| 000 | 00737nam a2200193 a 4500 | ||
|---|---|---|---|
| 001 | 000033331 | ||
| 005 | 20241016124936.0 | ||
| 008 | 110411s1955 dr ac r 000 0 spa d | ||
| 040 |
_aDO-SdBNP _bspa _cBNPHU |
||
| 082 |
_a338.1097293 _bR426c, 1950 |
||
| 110 | 2 |
_aOficina Nacional del Censo (República Dominicana) _958922 |
|
| 245 | 1 | 0 | _a4to. censo nacional agropecuario 1950. |
| 260 |
_aSanto Domingo : _bDirección General de Estadística, _c[1955]. |
||
| 300 |
_a244 p. : _bil., retrs. ; _c26 cm. |
||
| 590 | _aInventariado, 2018/ YL | ||
| 650 | 4 |
_aAgricultura _zRepública Dominicana _y1950 _vESTADÍSTICAS _958923 |
|
| 650 | 4 |
_aGanadería _zRepública Dominicana _y1950 _vESTADÍSTICAS _958924 |
|
| 910 | _aValidado. Control de calidad MFF | ||
| 999 |
_c32822 _d32822 |
||